Elections, REpresentations and the New Constitution (Record no. 333)

MARC details
000 -LEADER
fixed length control field 00461nam a22001457a 4500
008 - FIXED-LENGTH DATA ELEMENTS--GENERAL INFORMATION
fixed length control field 230605b xxu||||| |||| 00| 0 eng d
020 ## - INTERNATIONAL STANDARD BOOK NUMBER
International Standard Book Number 9789966029010
082 ## - DEWEY DECIMAL CLASSIFICATION NUMBER
Edition number 328.39
Classification number KIP
110 ## - MAIN ENTRY--CORPORATE NAME
Subordinate unit Society for International Development
245 ## - TITLE STATEMENT
Title Elections, REpresentations and the New Constitution
Remainder of title Constitution Working Paper Series No. 8
260 ## - PUBLICATION, DISTRIBUTION, ETC. (IMPRINT)
Place of publication, distribution, etc. Nairobi, Kenya
Name of publisher, distributor, etc. Society for International Development
300 ## - PHYSICAL DESCRIPTION
Extent VI,28 p
440 ## - SERIES STATEMENT/ADDED ENTRY--TITLE
Number of part/section of a work 8
942 ## - ADDED ENTRY ELEMENTS (KOHA)
Source of classification or shelving scheme Dewey Decimal Classification
Koha item type Books
Holdings
Withdrawn status Lost status Source of classification or shelving scheme Damaged status Not for loan Home library Current library Date acquired Total Checkouts Full call number Barcode Date last seen Price effective from Koha item type
    Dewey Decimal Classification     Bunge Tower Library Bunge Tower Library 06/05/2023   KIP 10015630 06/05/2023 06/05/2023 Books
    Dewey Decimal Classification     Bunge Tower Library Bunge Tower Library 06/05/2023   KIP 10015629 06/05/2023 06/05/2023 Books
    Dewey Decimal Classification     Bunge Tower Library Bunge Tower Library 06/05/2023   KIP 10015626 06/05/2023 06/05/2023 Books
LIBRARY OPENING HOURS

When the Parliament is sitting: 8.00a.m - 7.00p.m or until the house adjourns
Mondays and Fridays and when the House is on Recess:  8.00a.m - 5.00p.m
Closed on Weekends and Public Holidays

Online Public Access Catalog (OPAC)
Website: http://www.parliament.go.ke
Bunge Library: https://libraryir.parliament.go.ke
Contact: library@parliament.go.ke | Tel no: (254-2)2221291 or 2848000 Ext 5043